Evolution of receptor cells : cytological, membranous and molecular levels /

Bibliographic Details
Main Author: Vinnikov, I͡A. A. (I͡Akov Abramovich), 1910-
Format: Book
Language:English
Russian
Published: Berlin ; New York : Springer-Verlag, 1982.
Series:Molecular biology, biochemistry, and biophysics ; v. 34.
Subjects:

MARC

Tag First Indicator Second Indicator Subfields
LEADER 00000cam a22000008a 4500
001 in00000079986
005 20151008055255.0
008 811021s1982 wb b 00110 eng
010 |a  81018359  
020 |a 0387110836 (New York) 
020 |a 3540110836 (Berlin) 
035 |a (OCoLC)07948563 
035 |9 AAJ3020AM 
039 0 |a 2  |b 3  |c 3  |d 3  |e 3 
040 |a DLC  |c DLC  |d MBU  |d TXA  |d UtOrBLW 
041 1 |a eng  |a rus 
049 |a TXAM  |c [1672751] 
050 0 0 |a QH603.C43  |b V5613 
082 0 |a 599.01/82  |2 19 
096 |a QH 603.C43 V787e 1982 
100 1 |a Vinnikov, I͡A. A.  |q (I͡Akov Abramovich),  |d 1910- 
240 1 0 |a Ėvoli͡ut͡sii͡a ret͡septorov.  |l English 
245 1 0 |a Evolution of receptor cells :  |b cytological, membranous and molecular levels /  |c Yakov A. Vinnikov ; translated by Nicholas Bobrov ; with a foreword by Steven Price. 
263 |a 8112 
264 1 |a Berlin ;  |a New York :  |b Springer-Verlag,  |c 1982. 
300 |a xii, 141 pages :  |b illustrations ;  |c 25 cm. 
336 |a text  |b txt  |2 rdacontent 
337 |a unmediated  |b n  |2 rdamedia 
338 |a volume  |b nc  |2 rdacarrier 
490 1 |a Molecular biology, biochemistry, and biophysics ;  |v 34 
500 |a Translation of: Evoliutsiia retseptorov. 
500 |a Includes index. 
504 |a Bibliography: pages [112]-138. 
650 0 |a Cell receptors  |x Evolution. 
650 2 |a Cells. 
830 0 |a Molecular biology, biochemistry, and biophysics ;  |v v. 34. 
999 |a MARS 
999 f f |s 35dc460f-0f41-38e0-8be0-26ee8791a077  |i fb7e92a3-bb31-36a0-a38e-a9fc2c37aaff  |t 0 
952 f f |p ric  |a Texas A&M University  |b Rellis Campus  |c Joint Library Facility  |d Remote Storage  |t 0  |e QH603.C43 V5613  |h Library of Congress classification  |i unmediated -- volume  |m A14806218153 
998 f f |a QH603.C43 V5613  |t 0  |l Remote Storage